| 000 | 00614nam a22002057a 4500 | ||
|---|---|---|---|
| 003 | OSt | ||
| 005 | 20260121110231.0 | ||
| 008 | 260121b |||||||| |||| 00| 0 eng d | ||
| 037 |
_a6349 _bBharati Madhyavarti Sahakari Grahak Bhandar Pune |
||
| 040 | _cNLK | ||
| 041 | _aMarathi | ||
| 082 |
_a345.54 _bJOS |
||
| 100 | _aJoshi Vivek | ||
| 245 |
_aभारतीय न्याय संहिता 2023: Bharatiya Nyaya Sanhita 2023 _cJoshi Vivek |
||
| 250 | _a4 | ||
| 260 |
_aMumbai _bSnow White _c2026 |
||
| 300 | _a299 | ||
| 650 | _aCriminal law—India; Bharatiya Nyaya Sanhita | ||
| 942 |
_2ddc _cTB _n0 |
||
| 999 |
_c1215161 _d1215161 |
||